Central Library OPAC University of Rajshahi

Surficial deposits of the United States / (Record no. 73950)

MARC details
000 -LEADER
fixed length control field 00855pam a2200265 a 4500
001 - CONTROL NUMBER
control field 73950
003 - CONTROL NUMBER IDENTIFIER
rucl marc code BD-RjUL
005 - DATE AND TIME OF LATEST TRANSACTION
control field 20211209082451.0
008 - FIXED-LENGTH DATA ELEMENTS--GENERAL INFORMATION
fixed length control field 850628s1986 nyuab b 001 0 eng
020 ## - INTERNATIONAL STANDARD BOOK NUMBER
International Standard Book Number 0442232314
035 ## - SYSTEM CONTROL NUMBER
System control number (BD-RjUL)
040 ## - CATALOGING SOURCE
Original cataloging agency DLC
Transcribing agency DLC
Modifying agency DLC
Language of cataloging eng
041 ## - LANGUAGE CODE
Language code of text/sound track or separate title eng
082 00 - DEWEY DECIMAL CLASSIFICATION NUMBER
Classification number 551.3
Edition number 19
Author mark and year HUS 1986
100 1# - MAIN ENTRY--PERSONAL NAME
Personal name Hunt, Charles B.
Fuller form of name (Charles Butler),
Dates associated with a name 1906-1997.
9 (RLIN) 219488
245 10 - TITLE STATEMENT
Title Surficial deposits of the United States /
Statement of responsibility, etc. Charles B. Hunt.
260 ## - PUBLICATION, DISTRIBUTION, ETC. (IMPRINT)
Place of publication, distribution, etc. New York :
Name of publisher, distributor, etc. Van Nostrand Reinhold,
Date of publication, distribution, etc. c1986.
300 ## - PHYSICAL DESCRIPTION
Pagination ix, 189 p. :
Illustrations ill., maps (1 col.) ;
Size 26 cm.
500 ## - GENERAL NOTE
General note Two maps on folded leaf in pocket.
504 ## - BIBLIOGRAPHY, ETC. NOTE
Bibliography, etc Includes bibliographies and index.
650 #0 - SUBJECT ADDED ENTRY--TOPICAL TERM
Topical term or geographic name as entry element Sediments (Geology)
Geographic subdivision United States.
9 (RLIN) 219489
Topical term or geographic name as entry element Geology
Geographic subdivision United States.
9 (RLIN) 219490
942 ## - ADDED ENTRY ELEMENTS (KOHA)
Source of classification or shelving scheme Dewey Decimal Classification
Koha item type Books
Holdings
Lost status Source of classification or shelving scheme Damaged status Not for loan Collection code Permanent Location Current Location Shelving location Date acquired Source of acquisition Total Checkouts Full call number Date last seen Copy number Koha item type
  Dewey Decimal Classification   Not For Loan Non-fiction Central Library, University of Rajshahi Central Library, University of Rajshahi Reading Room 16/04/2017 U.S.A :asia foundation   551.3 HUS 1986 28/11/2017 C-1 Books